Aforizmy troch tisícročí /

Salvato in:
Dettagli Bibliografici
Altri autori: BREZINA, Ján (Compilatore)
Natura: Libro
Lingua:slovacco
Pubblicazione: Bratislava Tatran 1972
Edizione:2. vydanie
Tags: Aggiungi Tag
Nessun Tag, puoi essere il primo ad aggiungerne!!

MARC

LEADER 00000nam a22000003a 4500
001 0102821
003 SK-STU
005 20230621124059.3
007 ta
008 230621s ----xo-----e------000-0-----d
040 |a STU  |b slo 
041 0 |a slo 
044 |a xo 
100 1 |a BREZINA, Ján  |4 com 
245 1 0 |a Aforizmy troch tisícročí /  |c zost. Ján BREZINA 
250 |a 2. vydanie 
260 |a Bratislava  |b Tatran  |c 1972 
300 |a 240 s. 
996 |c I* 4SOA13946  |l I  |s A  |a 24  |w 0102821_0001